000 00459nam a2200157Ia 4500
005 20250529033902.0
008 240331s9999 xx 000 0 und d
020 _a9559586505
082 _bKOD
_a305
100 _aKodituwakku, G
245 0 _aIndiyawe adyapanika charikavak ha sabde ksetra sangarava
260 _aAnuradhapura
_bUpali Printers
_c1995
300 _a141 p .,
500 _aThe Field Journal Related to an Educational Tour in India
942 _cL
999 _c2015
_d2015